| 000 | 00601nam a2200193 i 4500 | ||
|---|---|---|---|
| 001 | 27940 | ||
| 003 | ES-MaACL | ||
| 005 | 20260522123345.0 | ||
| 007 | t| | ||
| 008 | 030115s1974 sp ||||1| spa d | ||
| 100 | 0 |
_aClément, Catherine, _d1939- _939176 |
|
| 245 | 1 | 0 |
_aLévi-Strauss / _cCatherine Backes-Clement ; [Traducción: Margarita Latorre]. |
| 260 |
_aBarcelona : _bAnagrama, _c1974. |
||
| 300 |
_a246 p. ; _c19 cm. |
||
| 600 | 1 | 4 |
_aLévi-Strauss, Claude. _971961 |
| 700 | 1 |
_aLatorre, Margarita. _970535 |
|
| 852 |
_aES-MaACL _jE-6160 _bR.90365 |
||
| 999 |
_c27940 _d27940 |
||